00645cam a2200229u 45000010005000000030008000050050017000130080039000300350018000690400028000870410008001150820024001231000026001472450064001732500012002372600030002493000035002795040037003146500021003517000019003727000024003919654BD-RjUL20211208234820.0140121s1962 enka b 001 0 eng a(BD-RjUL)9699 aDLCcCarPdBD-RjULbeng aeng04221a539.7bBOA 19621 aBorn, Maxd1882-1970.10aAtomic physics /cMax Born, John Dougall, R. J. Blin-stoyle a7th ed. aLondon :bBlackie,c1962. axiv, 459p. :billus. ;c22 cm. aIncludes bibliography and index. 0aNuclear physics.1 aDougall, John 2 aBlin-stoyle, R. J.